000
00223 a2200109 4500
020
_a
9789804130038
041
_a
spa
100
_a
Sicoben
245
_a
Ben y sus Amigos Aprendiendo a Compartir
942
_c
BK
952
_7
1
999
_c
23906
_d
23906